Ak je dobrá energia, capoeiristi dokážu aj to, čo by inak nezvládli : bojovému tancu capoeira sa v Košiciach venuje okolo 40 nadšencov, z nich približne tretina sú ženy

Bibliographic Details
Main Authors: Božinovská, Andrea (Author), Széplaki, Richard (Interviewee)
Format: Article
Language:Slovak
Subjects:
Source: 1. Košický večer. Korzár 1. 1336-5320 1. Roč. 18 (39), č. 32 (10.8.2007), s. 7
LEADER 00971nab#a2200301#ar4500
001 000087331
003 SVKKK
005 20071218100205.0
008 071217c2007 xo e slo
FMT
038 |a SVKKK 
040 |a SVKKK  |b slo  |e AACR2 
041 0 |a slo 
044 |a xo  |c SK 
080 |a 793.32  |2 1997 
100 1 |a Božinovská, Andrea  |4 aut 
245 1 0 |a Ak je dobrá energia, capoeiristi dokážu aj to, čo by inak nezvládli :  |b bojovému tancu capoeira sa v Košiciach venuje okolo 40 nadšencov, z nich približne tretina sú ženy  |c Andrea Božinovská 
300 |b Obr. 
610 2 4 |a Capoeira Oxumare (tanečná skupina : Košice, Slovensko)  |x pôsobenie  |x vystúpenia 
650 0 4 |a capoiera  |x bojový tanec 
700 1 |a Széplaki, Richard  |4 aut  |4 ive 
773 0 |t Košický večer. Korzár  |x 1336-5320  |g Roč. 18 (39), č. 32 (10.8.2007), s. 7 
957 |a 802 
974 |a MI 
992 |a RBX 
BAS
852 |a SVKKK  |b BIB 
998 |a REG